Доменное производство. Ч. 4: Ч. 4 [продолж.] (Запись № 12597537)
[ простой вид ]
| 000 -МАРКЕР | |
|---|---|
| контрольное поле | 01366nam2a2200265 4500 |
| 001 - ИДЕНТИФИКАТОР ЗАПИСИ | |
| контрольное поле | RU\NLR\BIBL_A\022051019 |
| 005 - ИДЕНТИФИКАТОР ВЕРСИИ | |
| контрольное поле | 20250625102020.0 |
| 035 ## - ДРУГИЕ СИСТЕМНЫЕ НОМЕРА | |
| Идентификатор записи | (NLR Aleph) 022051019 |
| 100 ## - ДАННЫЕ ОБЩЕЙ ОБРАБОТКИ | |
| Данные общей обработки | 20130416d1969 |||y0rusy50 ca |
| 101 0# - ЯЗЫК РЕСУРСА | |
| Язык текста, звукозаписи и т.д. | русский |
| 102 ## - СТРАНА ПУБЛИКАЦИИ ИЛИ ПРОИЗВОДСТВА | |
| Страна публикации | Российская Федерация |
| 105 ## - ПОЛЕ КОДИРОВАННЫХ ДАННЫХ: ТЕКСТОВЫЕ МАТЕРИАЛЫ, МОНОГРАФИЧЕСКИЕ | |
| Кодированные данные о монографическом текстовом документе | y ac 000zy |
| 200 0# - ЗАГЛАВИЕ И СВЕДЕНИЯ ОБ ОТВЕТСТВЕННОСТИ | |
| Основное заглавие | Ч. 4 [продолж.] |
| Первые сведения об ответственности | Т. А. Столяренко и Е. И. Сушкина |
| Последующие сведения об ответственности | под редакцией канд. техн. наук С. К. Трекало |
| 210 ## - ПУБЛИКАЦИЯ, РАСПРОСТРАНЕНИЕ И ДР. | |
| Дата издания, распространения и т.д. | 1969 |
| Место издания, распространения и т.д. | Б. м. |
| 215 ## - ФИЗИЧЕСКАЯ ХАРАКТЕРИСТИКА | |
| Специфическое обозначение материала и объем | 141, [3] с. |
| 461 #0 - УРОВЕНЬ НАБОРА | |
| Встроенное поле | 001rc\4410528 |
| -- | 2001#$aДоменное производство$eБиблиогр. указатель$fПод ред. инж. Н. Б. Арутюнова. [Ч. 1]-$gГос. науч.-техн. ком. Совета министров СССР. Центр. науч.-техн. б-ка черной металлургии$vЧ. 4 |
| Системный номер (АБИС) связанной записи | 8483816 |
| Место публикации | Москва |
| Дата публикации | 1958 |
| Первые сведения об ответственности | Под ред. инж. Н. Б. Арутюнова. [Ч. 1]- |
| Имя издателя, распространителя и т.д. | Металлургиздат |
| Сведения, относящиеся к заглавию | Библиогр. указатель |
| Заглавие | Доменное производство |
| Номер тома | Ч. 4 |
| 801 #0 - ИСТОЧНИК ЗАПИСИ | |
| Страна | Российская Федерация |
| Организация | NLR |
| Правила каталогизации | psbo |
| 801 #1 - ИСТОЧНИК ЗАПИСИ | |
| Страна | Российская Федерация |
| Организация | ELAR |
| Источник данных | rusmarc |
| 852 ## - МЕСТОНАХОЖДЕНИЕ И ШИФР ХРАНЕНИЯ | |
| Идентификатор организации | NLR |
| Шифр хранения (Call Number) | С337-420/Д-66 |
| 942 ## - ДОПОЛНИТЕЛЬНЫЕ ЭЛЕМЕНТЫ ЗАПИСИ (АБИС) | |
| Тип экземпляра АБИС | Книга |
| 980 ## - КОЛЛЕКЦИЯ | |
| Название коллекции | Национальная библиография |
| Тип экземпляра | Дата поступления | Библиотека постоянного хранения | Библиотека текущего хранения | Место хранения | Шифр хранения | Штрих-код | Статус экземпляра |
|---|---|---|---|---|---|---|---|
| Книга | 16.10.2023 | РНБ (Московский) | РНБ (Московский) | Центральная справочная библиотека | С337-420/Д-66 | 1-4363411 |